000
00193 a2200097 4500
001
18208
100
_a
Speare, M
245
_a
Short stories
260
_a
_b
W S Press
_c
090
_c
13502
_d
13502
942
_a
NUST-CAE
_c
M
_c
3895
999
_c
253281
_d
253281